00850nam a2200253Ia 4500003000400000005001700004008004000021020001800061040001000079041000800089082001500097100003100112245012700143250000600270260002900276300001100305650001800316650002200334690003200356906001100388942001200399999001900411952016600430OSt20220326101045.0210210b2012 xxu||||| |||| 00| 0 eng d a9780749465520 aALc  aeng a658.4 ARMA aARMSTRONG (Michael)926063 aArmstrongs handbook of management and leadership bDeveloping effective people skills for better leadership and management a3 aLondonbKogan Pagec2012 ax, 369 askills926064 aleadership926065 aExecutive Management926066 a067927 2ddccBK c152333d152333 001040708ManagementaALbALcManagementd2021-02-17eBiblios, Bunts Hostel Road, Mangaloreg495.00l0o658.4 ARMAp067927r2021-02-17 00:00:00w2021-02-17yBK